Internet retailing and future perspectives/ (Record no. 169081)

MARC details
000 -LEADER
fixed length control field 01211nam a2200361 a 4500
008 - FIXED-LENGTH DATA ELEMENTS--GENERAL INFORMATION
fixed length control field
020 ## - INTERNATIONAL STANDARD BOOK NUMBER
International Standard Book Number 9781138940529 (paperback)
040 ## - CATALOGING SOURCE
Original cataloging agency NUST
Transcribing agency NUST
049 ## - LOCAL HOLDINGS (OCLC)
Holding library MAIN
090 ## - LOCALLY ASSIGNED LC-TYPE CALL NUMBER (OCLC); LOCAL CALL NUMBER (RLIN)
Classification number (OCLC) (R) ; Classification number, CALL (RLIN) (NR) HF5549
Local cutter number (OCLC) ; Book number/undivided call number, CALL (RLIN) INT
003 - CONTROL NUMBER IDENTIFIER
control field
005 - DATE AND TIME OF LATEST TRANSACTION
control field 20230123141200.0
245 10 - TITLE STATEMENT
Title Internet retailing and future perspectives/
Statement of responsibility, etc. Eleonora Pantano ; Bang Nguyen ; Charles Dennis ; Bill Merrilees & Sabine Gerlach.
250 ## - EDITION STATEMENT
Edition statement Second edition.
260 ## - PUBLICATION, DISTRIBUTION, ETC.
Place of publication, distribution, etc. Abingdon, Oxon :
Name of publisher, distributor, etc. Routledge,
Date of publication, distribution, etc. 2017.
300 ## - PHYSICAL DESCRIPTION
Extent xxii, 341 pages :
Other physical details illustrations ;
Dimensions 24 cm.
336 ## - CONTENT TYPE
Content type term text
Content type code txt
Source rdacontent
337 ## - MEDIA TYPE
Media type term unmediated
Media type code n
Source rdamedia
338 ## - CARRIER TYPE
Carrier type term volume
Carrier type code nc
Source rdacarrier
500 ## - GENERAL NOTE
General note Includes index.
504 ## - BIBLIOGRAPHY, ETC. NOTE
Bibliography, etc. note Includes bibliographical references.
650 #1 - SUBJECT ADDED ENTRY--TOPICAL TERM
Topical term or geographic name entry element Internet marketing.
650 ## - SUBJECT ADDED ENTRY--TOPICAL TERM
Topical term or geographic name entry element Retail trade
General subdivision Computer network.
650 ## - SUBJECT ADDED ENTRY--TOPICAL TERM
Topical term or geographic name entry element Teleshopping.
650 ## - SUBJECT ADDED ENTRY--TOPICAL TERM
Topical term or geographic name entry element Electronic commerce.
700 ## - ADDED ENTRY--PERSONAL NAME
Personal name Pantano, Eleonora.,
-- author.
700 ## - ADDED ENTRY--PERSONAL NAME
Personal name Nguyen, Bang.,
-- author.
700 ## - ADDED ENTRY--PERSONAL NAME
Personal name Dennis, Charles.,
-- author.
700 ## - ADDED ENTRY--PERSONAL NAME
Personal name Merrilees, Bill.,
-- author.
700 ## - ADDED ENTRY--PERSONAL NAME
Personal name Gerlach, Sabine.,
-- author.
907 ## - LOCAL DATA ELEMENT G, LDG (RLIN)
a .b10403802
b 04-06-21
c 04-06-21
942 ## - ADDED ENTRY ELEMENTS (KOHA)
Koha item type Ordinary Loan Books
Call number prefix HF5549
Call number suffix INT
Holdings
Date last seen Total Checkouts Full call number Barcode Cost, replacement price Price effective from Koha item type Lost status Source of classification or shelving scheme Damaged status Not for loan Collection Withdrawn status Home library Current library Shelving location Date acquired Cost, normal purchase price
01/23/2023   HF5549 INT 92004048847 80.00 01/23/2023 BOOKS   LCC     NFIC   MAIN MAIN GEN 01/23/2023 80.00